| 000 | 00664cam a2200265 4500 | ||
|---|---|---|---|
| 008 | 090401t1996 xxu||||| |||| 00| 0 eng d | ||
| 020 | _a1859412947 | ||
| 035 | _a(Sirsi) u82533 | ||
| 041 | _aeng | ||
| 050 | _a711.026 | ||
| 100 | _aBrand, Clive | ||
| 245 | _aPlanning law. | ||
| 250 | _a3rd ed. | ||
| 260 |
_aLondon _bCavendish Publishing Ltd. _c1996 |
||
| 300 | _avi,118p. ; 21cm. | ||
| 350 | _a15.95 | ||
| 490 | _aCavendish Practice Notes | ||
| 650 | _aPLANNING APPLICATIONS | ||
| 650 | _aPLANNING DECISIONS | ||
| 650 | _aPLANNING FEES | ||
| 650 | _aPLANNING LAW | ||
| 690 | _aPLANNING LAW AND PRACTICE | ||
| 942 | _n0 | ||
| 948 | _c05/12/1997 | ||
| 999 |
_c96798 _d96798 |
||